Normal view
MARC view
- Abidi, Akram Saiyed Hussian
Entry Personal Name
001 - CONTROL NUMBER
- control field: 77738
003 - CONTROL NUMBER IDENTIFIER
- control field: NUST
005 - DATE AND TIME OF LATEST TRANSACTION
- control field: 20210628210000.0
008 - FIXED-LENGTH DATA ELEMENTS
- fixed length control field: 210628|| aca||aabn | a|a d
040 ## - CATALOGING SOURCE
- Original cataloging agency: NUST
- Transcribing agency: NUST
100 ## - HEADING--PERSONAL NAME
- Personal name: Abidi, Akram Saiyed Hussian
670 ## - SOURCE DATA FOUND
- Source citation: Work cat.: (NUST): Abidi, Akram Saiyed Hussian, Infrared science and technology for military applications, 1991
